Law of federal oil and gas leases /

Bibliographic Details
Corporate Author: Rocky Mountain Mineral Law Foundation
Format: Book
Language:English
Published: New York : M. Bender, [1964-]
Subjects:

MARC

Tag First Indicator Second Indicator Subfields
LEADER 00000cam a2200000 a 4500
001 in00000308513
005 20151010151516.0
008 790126m19649999nyu 001 0 eng
010 |a  64002251  
019 |a 4590360  |a 6440399  |a 10215376 
035 |a (OCoLC)ocm02474395 
035 |a (OCoLC)02474395 
035 |9 ABH9625AM 
040 |a DLC  |c DLC  |d OCL  |d TXA  |d UtOrBLW 
043 |a n-us--- 
049 |a TXAM 
050 0 0 |a KF1865.A6  |b R6 
082 0 |a 346.7304/6823  |a 347.30646823  |2 19 
245 0 0 |a Law of federal oil and gas leases /  |c edited by the Rocky Mountain Mineral Law Foundation, University of Colorado, Boulder, Colorado. 
264 1 |a New York :  |b M. Bender,  |c [1964-] 
300 |a 2 volumes (loose-leaf) ;  |c 26 cm. 
336 |a text  |b txt  |2 rdacontent 
337 |a unmediated  |b n  |2 rdamedia 
338 |a volume  |b nc  |2 rdacarrier 
500 |a Includes index. 
500 |a Loose-leaf for updating. 
500 |a Originally published in 1964. 
650 0 |a Oil and gas leases  |z United States. 
710 2 |a Rocky Mountain Mineral Law Foundation. 
994 |a E0  |b TXA 
999 |a MARS 
999 f f |s c08ce291-bed0-3289-91c1-240dc9003ae1  |i 97f35e93-9824-3a5e-80f7-018b1c702fd2  |t 0 
998 f f |a KF1865.A6 R6  |s v.1-2  |t 0  |l Evans: Library Stacks